|
|
|
|
| LEADER |
00000nam a2200000 a 4500 |
| 001 |
1/126758 |
| 008 |
230531s2004####gr | ||| |||| ||gre|| |
| 020 |
|
|
|a 9605181932
|
| 040 |
|
|
|a GR-MyUa
|b gre
|c GR-MyUa
|e AACR2
|
| 041 |
1 |
|
|a eng
|
| 082 |
7 |
|
|a 868.6
|2 (23)
|
| 100 |
1 |
|
|a Porchia, Antonio,
|d 1866-1968.
|
| 245 |
1 |
0 |
|a Φωνές /
|c Αντόνιο Πόρτσια ; μετάφραση: Βασίλης Λαλιώτης.
|
| 260 |
|
|
|a Αθήναι :
|b Ίνδικτος,
|c 2004.
|
| 300 |
|
|
|a 195 σ. ;
|c 17 εκ.
|
| 600 |
1 |
0 |
|a Porchia, Antonio,
|d 1866-1968.
|
| 650 |
|
0 |
|a Aphorisms and apothegms.
|
| 700 |
1 |
|
|a Λαλιώτης, Βασίλης,
|e trl
|
| 852 |
|
|
|a INST
|b LESVOS
|e 20230531
|h 868.6 POR
|p 005100064501
|q 005100064501
|t BK
|y 0
|
| 970 |
|
|
|a Δημάκη
|b Μαρία
|z 31-05-2023
|